Manual de tablas y fórmulas matemáticas
| Main Author: | |
|---|---|
| Format: | Section = Libro |
| Language: | Undetermined Spanish |
| Published: |
Barcelona
Montaner y Simón
1967
|
| Subjects: |
| LEADER | 00548nam a2200205Ia 4500 | ||
|---|---|---|---|
| 008 | 240829s9999 xx 000 0 und d | ||
| 040 | |a BIBLIOTECA-RUPAP 512.1 B945 | ||
| 041 | |a spa | ||
| 082 | |a 512.1 B945 | ||
| 100 | 1 | |a Burington, Richard Stevens | |
| 245 | 1 | 0 | |a Manual de tablas y fórmulas matemáticas |
| 260 | |a Barcelona |b Montaner y Simón |c 1967 | ||
| 300 | |a 423 p. :il. | ||
| 650 | 7 | |a ALGEBRA | |
| 650 | 7 | |b TRIGONOMETRIA-TABLAS | |
| 650 | 7 | |c LOGARITMOS | |
| 650 | 7 | |d FUNCIONES. I. Tít. | |
| 942 | |c BK |2 ddc | ||
| 991 | |a TEXTO | ||
| 999 | |c 7857 | ||